000 00295nam a2200121Ia 4500
008 190216s9999||||xx |||||||||||||| ||und||
100 _aHatrley W C F
245 0 _aCash Palanning Forcasting And Control
260 _bBusiness Book Ltd
_c1976
300 _a209p
650 _aCommerce
942 _cBK
999 _c4418
_d4418